[Event "11.offene Senioren SH 2017"]
[Site "Büsum"]
[Date "2017.09.09"]
[Round "2.85"]
[White "Geibel, Henning"]
[Black "Lüders, Günter"]
[Result "0-1"]
[WhiteElo "1475"]
[BlackElo "1796"]
[PlyCount "78"]
[EventDate "2017.??.??"]
[WhiteTeam "SV Bargteheide"]
[BlackTeam "TSV Benshausen"]

1. e4 c5 2. Nf3 d6 3. Bc4 Nf6 4. Nc3 e6 5. O-O Be7 6. d4 cxd4 7. Nxd4 a6 8. Re1
Qc7 9. Bd3 O-O 10. Qf3 Nbd7 11. Qg3 Re8 12. Nf3 b5 13. e5 dxe5 14. Nxe5 Bd6 15.
Bf4 Nh5 16. Qh4 g6 17. Nxd7 Bxf4 18. Nf6+ Nxf6 19. Qxf6 Bxh2+ 20. Kf1 Bd6 21.
Nd5 Qd8 22. Qxd8 Rxd8 23. Nf6+ Kg7 24. Ne4 Be7 25. Rad1 Bb7 26. Nc3 Bb4 27. Be4
Bxe4 28. Rxd8 Rxd8 29. Rxe4 Bxc3 30. bxc3 Rd2 31. Re2 Rd5 32. Ke1 Kf6 33. Re4
Re5 34. f3 Rxe4+ 35. fxe4 Ke5 36. Kd2 Kxe4 37. Ke2 f5 38. Kf2 f4 39. Ke2 g5 0-1

[Event "11.offene Senioren SH 2017"]
[Site "Büsum"]
[Date "2017.09.09"]
[Round "2.86"]
[White "Engel, Peter"]
[Black "Jung, Michael"]
[Result "1/2-1/2"]
[WhiteElo "1448"]
[BlackElo "1794"]
[Annotator "Gemkow,Jan Marten"]
[PlyCount "75"]
[EventDate "2017.??.??"]
[WhiteTeam "Schachpinguine Berlin"]
[BlackTeam "SV Osnabrück"]

1. e4 Nf6 2. e5 Nd5 3. d4 d6 4. Bc4 Nb6 5. Bb3 d5 6. Be3 Bf5 7. Nd2 e6 8. a3
Be7 9. Ne2 O-O 10. O-O N8d7 11. c4 dxc4 12. Nxc4 Nxc4 13. Bxc4 c6 14. b4 a6 15.
Ng3 Bg6 16. f4 Nb6 17. Bb3 Qd7 18. Bc2 Nd5 19. Bd2 Rfd8 20. f5 exf5 21. Nxf5
Rf8 22. Qg4 Rac8 23. h4 Nc7 24. Be3 Nd5 25. Bd2 Nc7 26. Be3 Ne6 27. h5 Bxf5 28.
Bxf5 Kh8 29. Rf3 Rg8 30. Raf1 Qd5 31. Be4 Qc4 32. Rh3 Nxd4 33. Bg5 Bxg5 34. Bd3
Qe6 35. Qxg5 Qd5 36. Re1 f6 37. Qg3 fxe5 38. Bc4 {Rest nicht rekonstruierbar}
1/2-1/2

[Event "11.offene Senioren SH 2017"]
[Site "Büsum"]
[Date "2017.09.09"]
[Round "2.87"]
[White "Steinke, Hans-Jörg"]
[Black "Kaspschak, Karola"]
[Result "1-0"]
[WhiteElo "1791"]
[BlackElo "1435"]
[PlyCount "66"]
[EventDate "2017.??.??"]
[WhiteTeam "SV Datteln"]
[BlackTeam "Sf Barsinghausen"]

1. d4 d5 2. c4 e6 3. Nc3 Nf6 4. Bg5 Be7 5. e3 Nc6 6. Nf3 O-O 7. Rc1 a6 8. Bd3
Re8 9. O-O h6 10. Bh4 Nd7 11. Bg3 Bf6 12. cxd5 Nb4 13. dxe6 Nxd3 14. exf7+ Kxf7
15. Qxd3 Nc5 16. Qc4+ Ne6 17. d5 Qe7 18. dxe6+ Bxe6 19. Qxc7 Qxc7 20. Bxc7 Rac8
21. Bg3 Rc6 22. Nd4 Bxd4 23. exd4 Bc4 24. Rfe1 Rcc8 25. Ne4 Kg6 26. Nd6 Rxe1+
27. Rxe1 Rc6 28. Nxc4 Rxc4 29. d5 Rd4 30. d6 Kf7 31. Kf1 b5 32. Re7+ Kf8 33.
Be5 Kg8 1-0

[Event "11.offene Senioren SH 2017"]
[Site "Büsum"]
[Date "2017.09.09"]
[Round "2.88"]
[White "Lambrecht, Harald"]
[Black "Borries, Barbara"]
[Result "0-1"]
[WhiteElo "1414"]
[BlackElo "1790"]
[PlyCount "60"]
[EventDate "2017.??.??"]
[WhiteTeam "SK Celle-Westercelle"]
[BlackTeam "SC Taufkirchen"]

1. d4 Nf6 2. c4 d6 3. Nc3 g6 4. e4 Bg7 5. f3 O-O 6. Be3 Nc6 7. Nge2 b6 8. g4 e6
9. h4 Ba6 10. Qa4 Bb7 11. Ng3 Nd7 12. O-O-O e5 13. Nge2 exd4 14. Nxd4 Nxd4 15.
Bxd4 Bxd4 16. Rxd4 Qf6 17. Qd1 a6 18. Nd5 Bxd5 19. exd5 Rfe8 20. g5 Qd8 21. Bh3
Re7 22. Re1 b5 23. Rxe7 Qxe7 24. Re4 Qd8 25. Qe2 Kf8 26. cxb5 axb5 27. Qxb5 Nc5
28. Re3 Rxa2 29. Ra3 Rxa3 30. bxa3 Qa8 0-1

[Event "11.offene Senioren SH 2017"]
[Site "Büsum"]
[Date "2017.09.09"]
[Round "2.89"]
[White "Schwab, Wolfgang"]
[Black "Hadlich, Carmen"]
[Result "1-0"]
[WhiteElo "1790"]
[BlackElo "1351"]
[PlyCount "88"]
[EventDate "2017.??.??"]
[WhiteTeam "SV Turm Sankt Augustin"]
[BlackTeam "SV Holstein Quickborn"]

1. d4 d5 2. Bf4 Nc6 3. e3 a6 4. Nf3 Nf6 5. Nbd2 g6 6. c3 Bg7 7. Bd3 O-O 8. h3
Re8 9. O-O Bd7 10. e4 dxe4 11. Nxe4 Nxe4 12. Bxe4 Qc8 13. Kh2 e5 14. dxe5 Nxe5
15. Re1 c6 16. Qc2 Nxf3+ 17. Bxf3 Rxe1 18. Rxe1 Qf8 19. Rd1 Be6 20. b3 Bf5 21.
Qd2 Bf6 22. c4 Rd8 23. Qc1 g5 24. Bxg5 Rxd1 25. Bxd1 Qd6+ 26. g3 Bxg5 27. Qxg5+
Qg6 28. Qxg6+ hxg6 29. c5 Kf8 30. g4 Be6 31. g5 Kg7 32. Bg4 Bxg4 33. hxg4 f6
34. gxf6+ Kxf6 35. f4 a5 36. Kg3 Ke6 37. Kf3 Kd5 38. f5 g5 39. Ke3 Kxc5 40. Ke4
Kd6 41. Kd4 b5 42. a3 c5+ 43. Ke4 a4 44. bxa4 bxa4 1-0

[Event "11.offene Senioren SH 2017"]
[Site "Büsum"]
[Date "2017.09.09"]
[Round "2.90"]
[White "Graffenberger, Marianne"]
[Black "Eschweiler, Gottfried"]
[Result "0-1"]
[WhiteElo "1382"]
[BlackElo "1766"]
[PlyCount "90"]
[EventDate "2017.??.??"]
[WhiteTeam "Hamburger SK"]
[BlackTeam "Pulheimer SC"]

1. e4 c5 2. c4 d6 3. Nc3 Nf6 4. d3 g6 5. Nge2 Nc6 6. g3 Bg7 7. Bg2 O-O 8. O-O
Bd7 9. Re1 a6 10. Rb1 Rb8 11. Nd5 e6 12. Nxf6+ Bxf6 13. a3 b5 14. Bh6 Re8 15.
b3 Qc7 16. Qd2 bxc4 17. bxc4 Nd4 18. Kf1 Nxe2 19. Kxe2 d5 20. cxd5 exd5 21. Bf4
Be5 22. Kf1 Bxf4 23. Qxf4 Qxf4 24. gxf4 dxe4 25. dxe4 c4 26. Rxb8 Rxb8 27. Rc1
Rb3 28. Ke1 c3 29. e5 Rxa3 30. Be4 Be6 31. Bc2 Kg7 32. h4 Kh6 33. Bd1 Kg7 34.
Bc2 h5 35. Ke2 f6 36. exf6+ Kxf6 37. Ke3 Bf5 38. Bxf5 Kxf5 39. Rc2 a5 40. Kf3
a4 41. Ke3 Rb3 42. f3 a3 43. Ke2 Rb2 44. Kd3 Rxc2 45. Kxc2 a2 0-1

[Event "11.offene Senioren SH 2017"]
[Site "Büsum"]
[Date "2017.09.09"]
[Round "2.91"]
[White "Boß, Kurt"]
[Black "Garms, Ilse"]
[Result "0-1"]
[WhiteElo "1222"]
[BlackElo "1759"]
[PlyCount "103"]
[EventDate "2017.??.??"]
[WhiteTeam "Flensburger SK"]
[BlackTeam "ESV Eberswalde"]

1. e4 c5 2. c4 Nc6 3. Nf3 d6 4. Nc3 e6 5. d4 cxd4 6. Nxd4 Bd7 7. a3 a6 8. Be3
Nf6 9. Bd3 Be7 10. O-O Nxd4 11. Bxd4 e5 12. Be3 O-O 13. Qb3 Bc6 14. Nd5 Nd7 15.
Nb6 Nxb6 16. Bxb6 Qd7 17. a4 a5 18. Qd1 Bd8 19. Be3 b6 20. f4 Qb7 21. Qf3 f5
22. Qh3 Bxe4 23. Bd2 Bxd3 24. Qxd3 Qc6 25. Qf3 Qxf3 26. Rxf3 e4 27. Rg3 Bf6 28.
Rb1 Rac8 29. b3 Bd4+ 30. Be3 Bc5 31. Bxc5 dxc5 32. Kf2 Rcd8 33. Ke2 Rf6 34. Rd1
Rxd1 35. Kxd1 Rd6+ 36. Kc2 Kf7 37. Rh3 h6 38. Re3 Kf6 39. h4 g5 40. hxg5+ hxg5
41. fxg5+ Kxg5 42. Re1 Kg4 43. Re3 Kf4 44. Rh3 Rg6 45. Rh2 Kg3 46. Rh5 f4 47.
Rf5 f3 48. gxf3 exf3 49. Kd1 Re6 50. Rg5+ Kf4 51. Rg1 f2 52. Rf1 0-1